Freedom and war. : Discourses on topics suggested by the times.

Bibliographic Details
Main Author: Beecher, Henry Ward, 1813-1887
Format: Book
Language:English
Published: Boston : Ticknor and Fields, 1863.
Subjects:

MARC

Tag First Indicator Second Indicator Subfields
LEADER 00000cam a2200000 4500
001 in00000060618
005 20151008050531.0
008 750501s1863 mau 00000 eng u
010 |a  11020737  
035 |a (OCoLC)01308687 
035 |9 AAG1641AM 
040 |c ORL  |d TXA  |d UtOrBLW 
049 |a TXAM  |c [116762] 
050 0 |a E458  |b .B41 
092 |a 326.973  |b B414f 
100 1 |a Beecher, Henry Ward,  |d 1813-1887. 
245 1 0 |a Freedom and war. :  |b Discourses on topics suggested by the times.  |b By Henry Ward Beecher. 
264 1 |a Boston :  |b Ticknor and Fields,  |c 1863. 
300 |a 2 preliminary leaves,[iii]-iv pages, 1l., 445 pages ;  |c 19 cm. 
336 |a text  |b txt  |2 rdacontent 
337 |a unmediated  |b n  |2 rdamedia 
338 |a volume  |b nc  |2 rdacarrier 
650 0 |a Slavery  |z United States  |x Controversial literature  |y 1859-1868. 
651 0 |a United States  |x Politics and government  |y 1861-1865. 
651 0 |a United States  |x History  |y Civil War, 1861-1865. 
999 |a MARS 
999 f f |s ed2577fd-a243-352c-ba7d-4ff84e8005dc  |i f7cd63db-adab-3a8b-b9d1-e595daf5d1cb  |t 0 
952 f f |p ric  |a Texas A&M University  |b Rellis Campus  |c Joint Library Facility  |d Remote Storage  |t 0  |e E458 .B41  |h Library of Congress classification  |i unmediated -- volume  |m A14800672943 
998 f f |a E458 .B41  |t 0  |l Remote Storage